<?xml version="1.0" encoding="UTF-8"?>
<record
    xmlns:xsi="http://www.w3.org/2001/XMLSchema-instance"
    xsi:schemaLocation="http://www.loc.gov/MARC21/slim http://www.loc.gov/standards/marcxml/schema/MARC21slim.xsd"
    xmlns="http://www.loc.gov/MARC21/slim">

  <leader>00595nam a22002177a 4500</leader>
  <controlfield tag="003">OSt</controlfield>
  <controlfield tag="005">20251211105430.0</controlfield>
  <controlfield tag="008">210319b           ||||| |||| 00| 0 eng d</controlfield>
  <datafield tag="020" ind1=" " ind2=" ">
    <subfield code="a">9789390219292</subfield>
  </datafield>
  <datafield tag="082" ind1=" " ind2=" ">
    <subfield code="a">330.015195</subfield>
    <subfield code="b">G94B</subfield>
  </datafield>
  <datafield tag="100" ind1=" " ind2=" ">
    <subfield code="a">Gujarati, Damodar N. </subfield>
  </datafield>
  <datafield tag="245" ind1=" " ind2=" ">
    <subfield code="a">Basic econometrics</subfield>
    <subfield code="c">by Damodar N. Gujarati, Dawn C.Porter, and Manoranjan Pal</subfield>
  </datafield>
  <datafield tag="250" ind1=" " ind2=" ">
    <subfield code="a">6th ed.</subfield>
  </datafield>
  <datafield tag="260" ind1=" " ind2=" ">
    <subfield code="a">Chennai</subfield>
    <subfield code="b">McGraw Hill</subfield>
    <subfield code="c">2021</subfield>
  </datafield>
  <datafield tag="300" ind1=" " ind2=" ">
    <subfield code="a">xxiv, 910p.</subfield>
    <subfield code="b">Paperback</subfield>
  </datafield>
  <datafield tag="546" ind1=" " ind2=" ">
    <subfield code="a">English</subfield>
  </datafield>
  <datafield tag="650" ind1=" " ind2=" ">
    <subfield code="a">Econometrics</subfield>
  </datafield>
  <datafield tag="700" ind1=" " ind2=" ">
    <subfield code="a">Porter, Dawn C.</subfield>
  </datafield>
  <datafield tag="700" ind1=" " ind2=" ">
    <subfield code="a">Pal, Manoranjan</subfield>
  </datafield>
  <datafield tag="942" ind1=" " ind2=" ">
    <subfield code="2">ddc</subfield>
    <subfield code="c">BK</subfield>
  </datafield>
  <datafield tag="999" ind1=" " ind2=" ">
    <subfield code="c">24148</subfield>
    <subfield code="d">24148</subfield>
  </datafield>
  <datafield tag="952" ind1=" " ind2=" ">
    <subfield code="0">0</subfield>
    <subfield code="1">0</subfield>
    <subfield code="2">ddc</subfield>
    <subfield code="4">0</subfield>
    <subfield code="7">0</subfield>
    <subfield code="8">TXB</subfield>
    <subfield code="a">CURAJ</subfield>
    <subfield code="b">CURAJ</subfield>
    <subfield code="c">STT</subfield>
    <subfield code="d">2021-03-19</subfield>
    <subfield code="e">Indica Publisher </subfield>
    <subfield code="g">845.00</subfield>
    <subfield code="i">2020-21/0943/29-01-2021</subfield>
    <subfield code="l">42</subfield>
    <subfield code="o">330.015195 G94B</subfield>
    <subfield code="p">35367</subfield>
    <subfield code="r">2026-06-01</subfield>
    <subfield code="s">2026-05-18</subfield>
    <subfield code="w">2021-03-19</subfield>
    <subfield code="y">BK</subfield>
  </datafield>
  <datafield tag="952" ind1=" " ind2=" ">
    <subfield code="0">0</subfield>
    <subfield code="1">0</subfield>
    <subfield code="2">ddc</subfield>
    <subfield code="4">0</subfield>
    <subfield code="7">0</subfield>
    <subfield code="8">TXB</subfield>
    <subfield code="a">CURAJ</subfield>
    <subfield code="b">CURAJ</subfield>
    <subfield code="c">STT</subfield>
    <subfield code="d">2021-03-19</subfield>
    <subfield code="e">Indica Publisher </subfield>
    <subfield code="g">845.00</subfield>
    <subfield code="i">2020-21/0943/29-01-2021</subfield>
    <subfield code="l">39</subfield>
    <subfield code="o">330.015195 G94B</subfield>
    <subfield code="p">35368</subfield>
    <subfield code="r">2026-06-01</subfield>
    <subfield code="s">2026-05-18</subfield>
    <subfield code="w">2021-03-19</subfield>
    <subfield code="y">BK</subfield>
  </datafield>
  <datafield tag="952" ind1=" " ind2=" ">
    <subfield code="0">0</subfield>
    <subfield code="1">0</subfield>
    <subfield code="2">ddc</subfield>
    <subfield code="4">0</subfield>
    <subfield code="7">0</subfield>
    <subfield code="8">TXB</subfield>
    <subfield code="a">CURAJ</subfield>
    <subfield code="b">CURAJ</subfield>
    <subfield code="c">STT</subfield>
    <subfield code="d">2021-03-19</subfield>
    <subfield code="e">Indica Publisher </subfield>
    <subfield code="g">845.00</subfield>
    <subfield code="i">2020-21/0943/29-01-2021</subfield>
    <subfield code="l">42</subfield>
    <subfield code="o">330.015195 G94B</subfield>
    <subfield code="p">35369</subfield>
    <subfield code="r">2026-06-01</subfield>
    <subfield code="s">2026-05-22</subfield>
    <subfield code="w">2021-03-19</subfield>
    <subfield code="y">BK</subfield>
  </datafield>
  <datafield tag="952" ind1=" " ind2=" ">
    <subfield code="0">0</subfield>
    <subfield code="1">0</subfield>
    <subfield code="2">ddc</subfield>
    <subfield code="4">0</subfield>
    <subfield code="7">0</subfield>
    <subfield code="8">TXB</subfield>
    <subfield code="a">CURAJ</subfield>
    <subfield code="b">CURAJ</subfield>
    <subfield code="c">STT</subfield>
    <subfield code="d">2021-03-19</subfield>
    <subfield code="e">Indica Publisher </subfield>
    <subfield code="g">845.00</subfield>
    <subfield code="i">2020-21/0943/29-01-2021</subfield>
    <subfield code="l">40</subfield>
    <subfield code="o">330.015195 G94B</subfield>
    <subfield code="p">35370</subfield>
    <subfield code="r">2025-09-03</subfield>
    <subfield code="s">2025-08-21</subfield>
    <subfield code="w">2021-03-19</subfield>
    <subfield code="y">BK</subfield>
  </datafield>
  <datafield tag="952" ind1=" " ind2=" ">
    <subfield code="0">0</subfield>
    <subfield code="1">0</subfield>
    <subfield code="2">ddc</subfield>
    <subfield code="4">0</subfield>
    <subfield code="7">0</subfield>
    <subfield code="8">TXB</subfield>
    <subfield code="a">CURAJ</subfield>
    <subfield code="b">CURAJ</subfield>
    <subfield code="c">STT</subfield>
    <subfield code="d">2021-03-19</subfield>
    <subfield code="e">Indica Publisher </subfield>
    <subfield code="g">845.00</subfield>
    <subfield code="i">2020-21/0943/29-01-2021</subfield>
    <subfield code="l">6</subfield>
    <subfield code="o">330.015195 G94B</subfield>
    <subfield code="p">35371</subfield>
    <subfield code="r">2026-06-04</subfield>
    <subfield code="s">2026-05-19</subfield>
    <subfield code="w">2021-03-19</subfield>
    <subfield code="y">BK</subfield>
  </datafield>
  <datafield tag="952" ind1=" " ind2=" ">
    <subfield code="0">0</subfield>
    <subfield code="1">0</subfield>
    <subfield code="2">ddc</subfield>
    <subfield code="4">0</subfield>
    <subfield code="7">0</subfield>
    <subfield code="8">TXB</subfield>
    <subfield code="a">CURAJ</subfield>
    <subfield code="b">CURAJ</subfield>
    <subfield code="c">STT</subfield>
    <subfield code="d">2021-03-19</subfield>
    <subfield code="e">Indica Publisher </subfield>
    <subfield code="g">845.00</subfield>
    <subfield code="i">2020-21/0943/29-01-2021</subfield>
    <subfield code="l">44</subfield>
    <subfield code="o">330.015195 G94B</subfield>
    <subfield code="p">35372</subfield>
    <subfield code="r">2026-06-05</subfield>
    <subfield code="s">2026-05-20</subfield>
    <subfield code="w">2021-03-19</subfield>
    <subfield code="y">BK</subfield>
  </datafield>
  <datafield tag="952" ind1=" " ind2=" ">
    <subfield code="0">0</subfield>
    <subfield code="1">0</subfield>
    <subfield code="2">ddc</subfield>
    <subfield code="4">0</subfield>
    <subfield code="7">0</subfield>
    <subfield code="8">TXB</subfield>
    <subfield code="a">CURAJ</subfield>
    <subfield code="b">CURAJ</subfield>
    <subfield code="c">STT</subfield>
    <subfield code="d">2021-03-19</subfield>
    <subfield code="e">Indica Publisher </subfield>
    <subfield code="g">845.00</subfield>
    <subfield code="i">2020-21/0943/29-01-2021</subfield>
    <subfield code="l">47</subfield>
    <subfield code="o">330.015195 G94B</subfield>
    <subfield code="p">35373</subfield>
    <subfield code="q">2026-07-16</subfield>
    <subfield code="r">2026-06-16</subfield>
    <subfield code="s">2026-06-16</subfield>
    <subfield code="w">2021-03-19</subfield>
    <subfield code="y">BK</subfield>
  </datafield>
  <datafield tag="952" ind1=" " ind2=" ">
    <subfield code="0">0</subfield>
    <subfield code="1">0</subfield>
    <subfield code="2">ddc</subfield>
    <subfield code="4">0</subfield>
    <subfield code="7">0</subfield>
    <subfield code="8">TXB</subfield>
    <subfield code="a">CURAJ</subfield>
    <subfield code="b">CURAJ</subfield>
    <subfield code="c">STT</subfield>
    <subfield code="d">2021-03-19</subfield>
    <subfield code="e">Indica Publisher </subfield>
    <subfield code="g">845.00</subfield>
    <subfield code="i">2020-21/0943/29-01-2021</subfield>
    <subfield code="l">40</subfield>
    <subfield code="o">330.015195 G94B</subfield>
    <subfield code="p">35374</subfield>
    <subfield code="r">2026-06-02</subfield>
    <subfield code="s">2026-04-27</subfield>
    <subfield code="w">2021-03-19</subfield>
    <subfield code="y">BK</subfield>
  </datafield>
  <datafield tag="952" ind1=" " ind2=" ">
    <subfield code="0">0</subfield>
    <subfield code="1">0</subfield>
    <subfield code="2">ddc</subfield>
    <subfield code="4">0</subfield>
    <subfield code="7">0</subfield>
    <subfield code="8">TXB</subfield>
    <subfield code="a">CURAJ</subfield>
    <subfield code="b">CURAJ</subfield>
    <subfield code="c">STT</subfield>
    <subfield code="d">2021-03-19</subfield>
    <subfield code="e">Indica Publisher </subfield>
    <subfield code="g">845.00</subfield>
    <subfield code="i">2020-21/0943/29-01-2021</subfield>
    <subfield code="l">4</subfield>
    <subfield code="o">330.015195 G94B</subfield>
    <subfield code="p">35375</subfield>
    <subfield code="q">2022-09-21</subfield>
    <subfield code="r">2022-09-06</subfield>
    <subfield code="s">2022-09-06</subfield>
    <subfield code="w">2021-03-19</subfield>
    <subfield code="y">BK</subfield>
  </datafield>
  <datafield tag="952" ind1=" " ind2=" ">
    <subfield code="0">0</subfield>
    <subfield code="1">0</subfield>
    <subfield code="2">ddc</subfield>
    <subfield code="4">0</subfield>
    <subfield code="7">0</subfield>
    <subfield code="8">TXB</subfield>
    <subfield code="a">CURAJ</subfield>
    <subfield code="b">CURAJ</subfield>
    <subfield code="c">STT</subfield>
    <subfield code="d">2021-03-19</subfield>
    <subfield code="e">Indica Publisher </subfield>
    <subfield code="g">845.00</subfield>
    <subfield code="i">2020-21/0943/29-01-2021</subfield>
    <subfield code="l">36</subfield>
    <subfield code="o">330.015195 G94B</subfield>
    <subfield code="p">35376</subfield>
    <subfield code="r">2026-05-29</subfield>
    <subfield code="s">2026-05-27</subfield>
    <subfield code="w">2021-03-19</subfield>
    <subfield code="y">BK</subfield>
  </datafield>
</record>
